Diary of A Wimpy Kid Books - Statistics

General Stats
  • This quiz has been taken 237 times
  • The average score is 5 of 7
Answer Stats
Hint Answer % Correct
Rodrick Rules
87%
Dog Days
85%
Diary of a Wimpy Kid
80%
The Last Straw
65%
Cabin Fever
61%
The Ugly Truth
51%
The Third Wheel
40%
No matching quizzes found
Score Distribution
Percent of People with Each Score
Percentile by Number Answered
Your Score History
You have not taken this quiz